Dinámica de la población y desarrollo

Guardat en:
Dades bibliogràfiques
Autor principal: Singer, Paul Israel (Autor)
Format: Llibre
Idioma:espanyol
Publicat: Ciudad de México Siglo Veintiuno 1971
Col·lecció:Economía y Demografía
Matèries:
Etiquetes: Afegir etiqueta
Sense etiquetes, Sigues el primer a etiquetar aquest registre!

MARC

LEADER 00000nam a2200000 a 4500
001 UCU2529
003 CL-VaPUC
008 960426e19710000MX |||||||||||||||||spa|d
082 0 4 |a 304.602  |b SIN  |2 21 
100 0 |a Singer, Paul Israel  |e author  |9 358757 
245 1 0 |a Dinámica de la población y desarrollo 
246 1 3 |a El papel del crecimiento demográfico en el desarrollo económico 
300 |a 233 p 
942 |c BK 
945 |d 19960426 00:00:00  |a cmena 
260 |a Ciudad de México  |b Siglo Veintiuno  |c 1971 
650 7 |a DINAMICA POBLACIONAL  |2 CL-VaPUC  |9 357685 
650 7 |a TAMAÑO DE LA POBLACION  |2 CL-VaPUC  |9 358758 
650 0 |a Datos estadísticos  |9 329380 
650 7 |a DEMOGRAFIA GEOGRAFICA  |2 CL-VaPUC  |9 317247 
650 0 |a Desarrollo económico y social   |9 256320 
650 0 |a Trabajo y empleo  |9 315054 
650 0 |a Mercado  |9 321497 
650 0 |a Oferta y demanda  |9 255571 
583 |a last modification  |c 19960426 00:00:00  |k Rodrigo Vera 
490 0 |a Economía y Demografía 
999 |c 246798  |d 246796 
952 |0 0  |1 0  |4 0  |6 304_602000000000000_SIN_1971  |7 0  |8 A  |9 262028  |a BIBING  |b BIBING  |d 2019-11-19  |i 1644793  |o 304.602 SIN 1971  |p 1644793  |r 2025-01-20  |w 2019-11-19  |y BK  |k GEO 
952 |0 0  |1 0  |4 0  |6 304_602000000000000_SIN_1971  |7 0  |8 A  |9 262029  |a BIBING  |b BIBING  |d 2019-11-19  |i 164484K  |o 304.602 SIN 1971  |p 164484K  |r 2025-01-20  |w 2019-11-19  |y BK  |k GEO